01079nam a2200289 a 4500003000900000005001700009007000300026008004100029020002700070020001500097040002500112082001400137100004300151245005900194250003600253260006700289300005000356490003100406504003300437590002700470650004700497710007300544910001100617942001400628952013000642999001700772DO-SdBNP20240314113110.0ta221124t19761995ck aobcgr|||| 001 0dspa d a9580400113 Colección a958043154x aDO-SdBNPbspacBNPHU 4222bM777h1 a Montenegro González, Augusto98504410aHistoria de América /cAugusto Montenegro González a4a. ed.bEdición Actualizada. a[Santo Domingo] : bSecretaria de Estado de Educación,c1995 a312 p. :bil., fots., mapas, retrs. ;c27 cm. aNuestro Mundo y sus Hechos aBibliografía: p. 310 - 311 aInventariado 2022 / MF 4914771aHistoriavLibro de textozAmérica2 957014aRepública Dominicana.bSecretaria de Estado de Educación. aMFeliz 2ddccLBS1 00102ddc56708GRaBNPHUbBNPHUcCTd2022-03-25eDonado por Johanny PérezoM777hp2022-5607r2022-11-24w0000-00-00yLBS1 c52997d52997